| 000 | 02359cam a2200421 a 4500 | ||
|---|---|---|---|
| 999 |
_c23243 _d23243 |
||
| 001 | 11848603 | ||
| 003 | OSt | ||
| 005 | 20170126083652.0 | ||
| 008 | 991123s2000 caua bc 001 0 eng | ||
| 010 | _a 99059416 | ||
| 020 | _a089236579X (paper) | ||
| 020 | _a0892365781 | ||
| 040 |
_aDLC _cDLC _dDLC |
||
| 043 |
_ae-gx--- _ae-sz--- |
||
| 050 | 0 | 0 |
_aN7433.5 _b.B88 2000 |
| 082 | 0 | 0 |
_a748.593/09/03107479494 _221 |
| 100 | 1 | _aButts, Barbara. | |
| 245 | 1 | 0 |
_aPainting on light : _bdrawings and stained glass in the age of Dürer and Holbein / _cBarbara Butts and Lee Hendrix with the assistance of Scott C. Wolf ; with contributions by Barbara Giesicke ... [et al.]. |
| 260 |
_a[Los Angeles, Calif.] : _bJ. Paul Getty Museum ; _a[St. Louis, Mo.] : _bSt. Louis Art Museum, _c[c2000] |
||
| 300 |
_axiii, 330 p. : _bill. (some col.) ; _c31 cm. |
||
| 500 | _aPublished on the occasion of an exhibition organized by and held at the J. Paul Getty Museum, Los Angeles, Calif., July 11-Sept. 24, 2000 and the St. Louis Art Museum, St. Louis, Mo., Nov. 4, 2000-Jan. 7, 2001. | ||
| 500 | _aAddenda slip inserted. | ||
| 504 | _aIncludes bibliographical references (p. 313-325) and index. | ||
| 650 | 0 |
_aArtists' preparatory studies _zGermany, Southern _vExhibitions. |
|
| 650 | 0 |
_aArtists' preparatory studies _zSwitzerland _vExhibitions. |
|
| 650 | 0 |
_aDrawing, German _zGermany, Southern _y16th century _vExhibitions. |
|
| 650 | 0 |
_aDrawing, Swiss _y16th century _vExhibitions. |
|
| 650 | 0 |
_aGlass painting and staining _zGermany, Southern _xHistory _y16th century _vExhibitions. |
|
| 650 | 0 |
_aGlass painting and staining _zSwitzerland _xHistory _y16th century _vExhibitions. |
|
| 700 | 1 | _aHendrix, Lee. | |
| 700 | 1 |
_aWolf, Scott C., _d1956- |
|
| 710 | 2 | _aJ. Paul Getty Museum. | |
| 710 | 2 | _aSt. Louis Art Museum. | |
| 856 | 4 | 2 |
_3Publisher description _uhttp://www.loc.gov/catdir/enhancements/fy0636/99059416-d.html |
| 856 | 4 | 2 |
_3Contributor biographical information _uhttp://www.loc.gov/catdir/enhancements/fy0723/99059416-b.html |
| 906 |
_a7 _bcbc _corignew _d1 _eocip _f19 _gy-gencatlg |
||
| 942 |
_2lcc _cBOOKS _hN 7433.5 .B88 2000 |
||